000
00493nam a2200181Ia 4500
008
100917s9999 xx 000 0 und d
082
_b
58136
100
_a
सोवनी म. वि.
245
_a
जलवंती
260
_b
चित्रशाळा प्रकाशन
_c
---
300
_a
39
365
_b
2
520
_a
बालविभाग
630
_a
जलवंती
650
_a
बालविभाग
730
_a
जलवंती
942
_c
BOOK
999
_c
663530
_d
663527